000 00412nam a2200145Ia 4500
008 231129s1997||||xx |||||||||||||| ||spa||
020 _a958-20-0369-3
040 _bspa
082 _a302 R741p
100 _aRojas Trujillo Guillermo
245 0 _aPsicologí­a social y nuevo lí­der
260 _c1997
264 _aCooperativa Editorial Magisterio
942 _2ddc
_cBKS
999 _c23501
_d23501